00768nam a2200193 i 4500001000700000003000700007005001700014008004100031020001800072080003000090110006100120245006800181260003500249300003600284610009000320852002200410999001900432952012300451185729SpMaBN20230906222515.0160804s1979 sp aco |||| |cspa d a84-600-0910-6 a378.662.2(460.27 M.)(045)2 aEscuela Técnica Superior de Ingenieros de Minas.9743910aII Centenario de la Escuela de Minas de España b: 1877-1977. aMadrid : bE.T.S.I.M., c1979. a338 p. : bil., fot. ; c24 cm.2 aEscuela Técnica Superior de Ingenieros de Minas-vAniversarios y centenarios.97440 aES-MaACLjL-30511 c185729d185729 00104070aATENEOMbATENEOMcDEPO2d2016-08-04eDONl0oL-30511p1195782r2023-02-23 00:00:00w2023-02-23yMONOGRAFIA